Problemlösen durch heuristische Suche in der Artificial Intelligence
Enregistré dans:
| Auteur principal: | |
|---|---|
| Format: | Livre |
| Langue: | allemand |
| Publié: |
Wien
Springer
1989
|
| Édition: | 1. Aufl. |
| Tags: |
Pas de tags, Soyez le premier à ajouter un tag!
|
MARC
| LEADER | 00000nam a2200000 4500 | ||
|---|---|---|---|
| 001 | c036948 | ||
| 005 | 20250609132402.1 | ||
| 041 | 0 | |a ger | |
| 044 | |a AT | ||
| 245 | 1 | 0 | |a Problemlösen durch heuristische Suche in der Artificial Intelligence |c Hermann Kaindl |
| 250 | |a 1. Aufl. | ||
| 264 | 1 | |a Wien |b Springer |c 1989 | |
| 300 | |a 231 s. | ||
| 100 | 1 | |a Kaindl, Hermann | |